00225 a2200121 4500001000700000020000600007040001100013100002200024240002300046245001800069300000700087362000900094163203 a  cMagnum aBorém, Humberto10aO beco da lualpor10aO beco da lua a240 a2002